[Event "FRA-chT3 01"]
[Site "France"]
[Date "2000.11.18"]
[Round "2"]
[White "Cleran, Anthony"]
[Black "Poignonnec, Pierre Yves"]
[Result "1/2-1/2"]
[WhiteElo "1770"]
[BlackElo "1820"]
[PlyCount "105"]
[EventDate "2001.??.??"]
[EventType "team"]
[EventRounds "9"]
[EventCountry "FRA"]
[SourceTitle "EXT 2002"]
[Source "ChessBase"]
[SourceDate "2001.11.25"]
[SourceVersion "1"]
[SourceVersionDate "2001.11.25"]
[SourceQuality "1"]
[WhiteTeam "Yffiniac"]
[BlackTeam "Fouesnant"]
[WhiteTeamCountry "FRA"]
[BlackTeamCountry "FRA"]

1. e4 e5 2. Bc4 Nf6 3. Nc3 Bc5 4. Nf3 Nc6 5. d3 d6 6. Bg5 h6 7. Bh4 Bd7 8. Qd2 Na5 9. Nd5 Nxc4 10. Nxf6+ Qxf6 11. dxc4 g5 12. Bg3 g4 13. Ng1 Bc6 14. Qc3 h5 15. f3 h4 16. Bf2 Bxf2+ 17. Kxf2 0-0-0 18. Ne2 Rdg8 19. b4 gxf3 20. gxf3 Rg6 21. b5 Bd7 22. Qe3 b6 23. Nc3 Bh3 24. Rhg1 Rhg8 25. Ke2 Rg2+ 26. Rxg2 Rxg2+ 27. Kd3 Rxh2 28. Nd5 Qg7 29. Rg1 Rg2 30. Rh1 Qg3 31. f4 Bg4 32. fxe5 dxe5 33. Ne7+ Kb7 34. Nf5 Bxf5 35. exf5 Qxe3+ 36. Kxe3 Rg4 37. Kd3 Rf4 38. Rh2 f6 39. Rh3 a6 40. Kc3 c5 41. Rd3 Rd4 42. Rh3 a5 43. Kb3 Kc7 44. c3 Rf4 45. Rh2 e4 46. Kc2 Kd7 47. Kd1 Rxf5 48. Rxh4 Re5 49. Ke2 f5 50. Ke3 Re6 51. Rh3 Kd6 52. Kf4 Rf6 53. Rh7 1/2-1/2